Progresos anuales en la práctica médico-quirúrgica / (Record no. 122888)
[ view plain ]
| 000 -LEADER | |
|---|---|
| campo de control de longitud fija | 01161nam a2200181 4500 |
| 001 - NÚMERO DE CONTROL | |
| campo de control | 122888 |
| 003 - IDENTIFICADOR DE NÚMERO DE CONTROL | |
| campo de control | ES-MaACL |
| 007 - CAMPO FIJO DE DESCRIPCIÓN FÍSICA--INFORMACIÓN GENERAL | |
| campo de control de longitud fija | t| |
| 008 - DATOS DE LONGITUD FIJA--INFORMACIÓN GENERAL | |
| campo de control de longitud fija | 070214m1945 ag r ||||0| spa d |
| 245 00 - MENCIÓN DEL TÍTULO | |
| Título | Progresos anuales en la práctica médico-quirúrgica / |
| Mención de responsabilidad, etc. | [directores Alfonso R. Albanese, Luis Munist, Diego Fernández Luna]. |
| 260 ## - PUBLICACIÓN, DISTRIBUCIÓN, ETC. | |
| Lugar de publicación, distribución, etc. | Buenos Aires : |
| Nombre del editor, distribuidor, etc. | Mundi, |
| Fecha de publicación, distribución, etc. | 1945- |
| 300 ## - DESCRIPCIÓN FÍSICA | |
| Extensión | 13 v : |
| Otras características físicas | il ; |
| Dimensiones | 23 cm. |
| 505 8# - NOTA DE CONTENIDO CON FORMATO | |
| Nota de contenido con formato | Contiene: v. I: Boca ; faringe ; esófago ; estómago ; duodeno --- v. II: Pulmón ; pleuras ; mediastino --- v. III : Corazón ; aorta ; pericardio --- v. IV: Riñón ; urinarias ; genitales --- v. V: Intestinos ; peritoneo ; abdomen --- v. VI: Hígado ; vías biliares ; páncreas ; bazo --- v. VIII: Sangre ; vasos --- v. IX: Enfermedades infecciosas --- v. X: Huesos ; articulaciones ; músculos --- v. XI: Ojos ; garganta ; nariz ; oídos --- v. XII: Neurología ; psiquiatría --- v. XIV: Obstetricia --- v. XV: Pediatría ; puericultura --- [Faltan los v. VII y XIII] |
| 700 1# - ENTRADA AGREGADA--NOMBRE PERSONAL | |
| Nombre de persona | Albanese, Alfonso R. |
| 9 (RLIN) | 19227 |
| 700 1# - ENTRADA AGREGADA--NOMBRE PERSONAL | |
| Nombre de persona | Munist, Luis. |
| 9 (RLIN) | 84204 |
| 700 1# - ENTRADA AGREGADA--NOMBRE PERSONAL | |
| Nombre de persona | Fernández Luna, Diego. |
| 9 (RLIN) | 49884 |
| 852 ## - LOCALIZACIÓN | |
| Ubicación | ES-MaACL |
| Número de control de estantería | E-4067-79 |
| Sublocalización o colección | R.22143 |
| Estatus retirado | Estado de pérdida | Estado de daño | No para préstamo | Biblioteca de origen | Biblioteca actual | Ubicación en estantería | Fecha de adquisición | Fuente de adquisición | Total de préstamos | Signatura topográfica completa | Código de barras | Visto por última vez | Precio de reemplazo | Tipo de ítem Koha |
|---|---|---|---|---|---|---|---|---|---|---|---|---|---|---|
| Biblioteca del Ateneo de Madrid | Biblioteca del Ateneo de Madrid | Depósito 2 | 17/01/2008 | E-4067-79 | 1128052 | 23/02/2023 | 23/02/2023 | Libro impreso |
